000 00882nam a22002297a 4500
999 _c64567
_d64567
005 20240530110738.0
008 180904s2008 ua a g b 000 0 ara d
017 _bمصر. دار الكتب
_a1384/5/2008
040 _aEG-CaGPL
_cEG-CaGPL
082 0 4 _221
_a212.1 \
_bهـ م
100 0 _aهدى على جواد الشمرى
245 1 0 _aمبادئ الغزالى التربوية /
_cهدى على جواد الشمرى ؛ مراجعة وتقديم سعدون الساموك
250 _aط.1
260 _aعمان :
_bدار الفاروق للنشر والتوزيع،
_c2008 .
300 _a239 ص. ؛
_c24 سم.
650 0 7 _2qrmak
_aالتربية الاسلامية
650 0 7 _aالثقافة الاسلامية
650 0 7 _aالاداب الاسلامية
_2qrmak
651 _2qrmak
942 _2ddc
_cBK